[Event "Nordic School-ch U18"]
[Site "Tjele"]
[Date "2002.02.15"]
[Round "3"]
[White "Valgardsson, Gudjon Heidar"]
[Black "Tomason, Rani"]
[Result "1-0"]
[WhiteElo "2046"]
[BlackElo "1185"]
[PlyCount "69"]
[EventDate "2002.02.14"]
[EventType "swiss"]
[EventRounds "6"]
[EventCountry "DEN"]
[SourceTitle "EXT 2022"]
[Source "ChessBase"]
[SourceDate "2021.10.06"]
[SourceVersion "1"]
[SourceVersionDate "2021.10.06"]
[SourceQuality "1"]

1. e4 c5 2. Nf3 d6 3. d4 cxd4 4. Nxd4 Nf6 5. Nc3 g6 6. Be3 Bg7 7. f3 0-0 8. Qd2 Nc6 9. 0-0-0 Nxd4 10. Bxd4 Be6 11. h4 Qa5 12. Kb1 Rfc8 13. a3 Rab8 14. g4 b5 15. Nd5 Qxd2 16. Nxf6+ Bxf6 17. Rxd2 Bxd4 18. Rxd4 Rc5 19. Be2 Rbc8 20. c3 Kg7 21. f4 Bc4 22. Bd1 a6 23. f5 f6 24. Bc2 Re5 25. g5 Rb8 26. Rd2 Rh8 27. Rf2 Rf8 28. Kc1 Bg8 29. h5 fxg5 30. h6+ Kf7 31. fxg6+ Ke8 32. Rxf8+ Kxf8 33. Rf1+ Ke8 34. Bb3 e6 35. Rf7 1-0